| 000 | 00677cam a2200229 a 4500 | ||
|---|---|---|---|
| 001 | 000009097 | ||
| 005 | 20200929161503.0 | ||
| 008 | 780629s1978 sp 001 0bspa | ||
| 020 | _a8432053708 | ||
| 040 |
_aDO-SdBNP _bspa _cLC _dBNPHU |
||
| 082 |
_a863.64 _bS473a, 1978 |
||
| 100 | 1 |
_aSemprún, Jorge. _923748 |
|
| 245 | 1 | 0 |
_aAutobiografía de Federico Sánchez : _bnovela / _cJorge Semprún. |
| 250 | _a8a ed. | ||
| 260 |
_aBarcelona : _bPlaneta, _c1978. |
||
| 300 |
_a342 p. ; _c19 cm. |
||
| 586 | _aPremio Editorial Planeta 1977. | ||
| 650 | 4 |
_aNovela española _91123 |
|
| 650 | 4 |
_aLiteratura española _9632 |
|
| 910 | _aCatalogación por copia / LC | ||
| 049 | _aBNGR | ||
| 999 |
_c8861 _d8861 |
||